000 00755nas a2200277 4500
001 BR7306931
003 BR-BrBNA
005 20231205100251.0
007 ta
008 230509b bl.|||p| |||| 00| 00por d
040 _aBR-BrBNA
_bpor
_cBiblioteca Nacional de Agricultura
041 _a(Pt)
072 _aL73
100 1 _aAnon.
245 1 _aPalmipedes sao sujeitos a doencas respiratorias
650 _aPato
650 _aGanso
650 _aAparelho Respiratorio
650 _aBouba Aviaria
650 _aCoriza
650 _aBronquite
650 _aPneumonia
773 0 _tAgricultura e Pecuaria (Brazil)
_xISSN 0100-249X
_g(Jun 1975, (no. 600) p. 14-15
_wBR7306931
909 _a202311
_bLúcia
_c55
_dLúcia Elande
942 _2AGRIS
_n0
_cANA
999 _c155039
_d155039